000 00356cam a22001217a 4500
008 180718b2010 xxu||||| |||| 00| 0 eng d
082 _aT1 R246m
100 _aReddy, Sirgapur Vidya Sagar
245 _aThe myths of economic theories
_cby Sirgapur Vidya Sagar Reddy
260 _aHyderabad
_bNavodaya Book House
_c2010
300 _a75p.
650 _aEconomics
999 _c502216
_d502216